| 000 | 00467pab a2200169 454500 | ||
|---|---|---|---|
| 008 | 180718b2008 xxu||||| |||| 00| 0 eng d | ||
| 100 | _aChhibber, Bharti | ||
| 245 | _aRight to information act: an instrument for stronger and vibrant democratic process in India | ||
| 260 | _c2008 | ||
| 300 | _ap.17-18. | ||
| 362 | _a28 Mar | ||
| 650 | _aRight to information - India | ||
| 650 | _aRight to information | ||
| 773 | _aMainstream | ||
| 908 | _aN | ||
| 909 | _a77654 | ||
| 999 |
_c77654 _d77654 |
||